00974nam a2200265 a 4500003000900000005001700009008003900026020001500065040002500080082002900105100003600134100004700170100004400217100004600261245003700307246003400344260004000378300001700418490001800435505004200453600006600495650005500561651005700616740003500673DO-SdBNP20241112105321.0100824s1983 dr r 000 0 spa d a8449992613 aDO-SdBNPbspacBPMSU 4aRD868.44bB171d 19832221 aBalaguer, Joaquín,d1906-2002z aBalaguer y Ricardo, Joaquín,d 1906-2002z aBalaguer Ricardo, Joaquín,d1906-2002z aRicardo, Joaquín Balaguer y,d1906-200210aDiscursos /cJoaquín Balaguer.13aMensajes al pueblo dominicano aBarcelona :bManuel Pareja, c1983. av. ;c26 cm.0 aDiscursos,v70 aV. 7 : Mensajes al pueblo dominicano 14aBalaguer, Joaquín, d1906-2002xEnsayos, conferencias, etc. 4aDiscursos presidenciales zRepública Dominicana 14aRepública DominicanaxPolítica y gobiernoy1961- aMensajes al pueblo dominicano